| 000 | 00890nam a22002175a 4500 | ||
|---|---|---|---|
| 003 | OSt | ||
| 005 | 20170507142047.0 | ||
| 008 | 170218s2014 ua frb 000 0 ara d | ||
| 040 |
_aEG-ScBUE _bara _cEG-ScBUE _dEG-ScBUE |
||
| 082 | 0 | 4 |
_a341.37 _bأ ب و _222 |
| 100 | 1 | _aأبو الوفا، أحمد. | |
| 245 | 1 | 2 |
_aالمفاوضات الدولية : _bدراسة لجوانبها القانونية في القانون الدولي والشريعة الإسلامية / _cأحمد أبو الوفا. |
| 260 |
_aالقاهرة : _bدار النهضة العربية، _c2014. |
||
| 300 |
_a326 ص. ؛ _c24 سم. |
||
| 504 | _aيشتمل على إرجاعات ببليوجرافية. | ||
| 650 | 7 |
_aالمفاوضات (قانون دولي) _2BUEsh |
|
| 650 | 7 |
_aالمفاوضات (فقه إسلامي) _2BUEsh |
|
| 651 | _2BUEsh | ||
| 653 |
_bLLAAWW _cFebruary2017 _cMay2017 |
||
| 942 | _2ddc | ||
| 999 |
_c24186 _d24158 |
||